6-Letter Vocabulary (Hard) Quiz Stats

 Plays Quiz Updated Jun 23, 2017

Support Sporcle.
Go Orange.
Score 0/25 Timer 06:00
0 Plays Today
% Correct
abacus
93.7%
thrive
92.1%
cobble
91.6%
minion
91.4%
pewter
90.5%
scurry
90.5%
allude
90%
regime
88.8%
benign
87.2%
warble
86.4%
zenith
86.2%
bedlam
85.9%
barker
85.6%
% Correct
candor
85%
schism
84.8%
jalopy
84.3%
galore
83.7%
cajole
82.8%
ornery
78.1%
hallow
77.4%
eschew
76.2%
regale
72.1%
aplomb
71.1%
penury
70.6%
bedeck
66.9%

You're not logged in!

Compare scores with friends on all Sporcle quizzes.
OR
Log In
Forgot?

From the Vault

Video Game Slot Machine

by leppyfresh

There are a lot of 3 word video game titles that use 'Of'. They should really cut back.
Remove Ads.
Support Sporcle.
Get the best of Sporcle when you Go Orange. This ad-free experience offers more features, more stats, and more fun while also helping to support Sporcle. Thank you for becoming a member.

Show Comments

Extras

Top Quizzes Today


Score Distribution

Your Account Isn't Verified!

In order to create a playlist on Sporcle, you need to verify the email address you used during registration. Go to your Sporcle Settings to finish the process.

Report this User

Report this user for behavior that violates our Community Guidelines.

Details: